|
|
|
|
| LEADER |
00000cam a2200000 4500 |
| 001 |
vtls012254633 |
| 003 |
SK-MaSNL |
| 005 |
20260425223822.0 |
| 008 |
240416s2023 xo hobcg hn 000 1bslo |
| 015 |
|
|
|a SNBA2024/11
|
| 020 |
|
|
|a 9788069063006
|q (viazané)
|
| 040 |
|
|
|a SNK
|b slo
|c SNK
|e rda
|
| 041 |
0 |
|
|a slo
|
| 043 |
|
|
|a e-xo---
|
| 044 |
|
|
|a xo
|c SK
|
| 072 |
|
7 |
|a 91
|x Geografia ako veda. Výskum. Cestovanie
|2 konspekt
|
| 072 |
|
7 |
|a 929
|x Biografie
|2 konspekt
|
| 080 |
|
|
|a 910.4
|2 2011
|
| 080 |
|
|
|a 929
|2 2011
|
| 080 |
|
|
|a (100)
|2 2011
|
| 080 |
|
|
|a (437.6)
|2 2011
|
| 080 |
|
|
|a (092)
|2 2011
|
| 080 |
|
|
|a 929.732
|2 2011
|
| 080 |
|
|
|a 910.4-051
|2 2011
|
| 080 |
|
|
|a [910.4:338.48-51]-051
|2 2011
|
| 080 |
|
|
|a (0:82-992)
|2 2011
|
| 100 |
1 |
|
|a Musil, Miroslav,
|d 1950-
|4 aut
|9 214545
|
| 245 |
1 |
|
|a Skutočný príbeh grófa Mórica Beňovského
|c Miroslav Musil
|
| 250 |
|
|
|a 3., revidované a doplnené vydanie
|
| 264 |
|
1 |
|a Martin
|b A-knihy
|c 2023
|
| 300 |
|
|
|a 204 strán
|b faksimile, fotografie, ilustrácie, mapy, portréty
|c 25 cm
|
| 336 |
|
|
|a text
|b txt
|2 rdacontent
|
| 337 |
|
|
|a bez média
|b n
|2 rdamedia
|
| 338 |
|
|
|a zväzok
|b nc
|2 rdacarrier
|
| 504 |
|
|
|a Obsahuje bibliografiu na strane 198-199, bibliografické odkazy a archívne pramene
|
| 600 |
1 |
7 |
|a Beňovský, Móric,
|d 1746-1786
|2 SNKMA
|9 93692
|
| 648 |
|
7 |
|a 18. storočie
|2 SNKPH
|9 287325
|
| 648 |
|
7 |
|a 18th century
|2 SNKPHeng
|9 305753
|
| 650 |
0 |
7 |
|a šľachtické rody
|2 SNKPH
|9 31798
|
| 650 |
0 |
7 |
|a cestovatelia
|2 SNKPH
|9 58750
|
| 650 |
0 |
7 |
|a dobrodruhovia
|2 SNKPH
|9 111693
|
| 650 |
0 |
7 |
|a cesty a pobyt
|2 SNKPH
|9 3490
|
| 650 |
0 |
7 |
|a výskumné expedície
|2 SNKPH
|9 79794
|
| 650 |
0 |
7 |
|a House of nobility
|2 SNKPHeng
|9 306784
|
| 650 |
0 |
7 |
|a Travellers
|2 SNKPHeng
|9 304688
|
| 650 |
0 |
7 |
|a Adventurers
|2 SNKPHeng
|9 318422
|
| 650 |
0 |
7 |
|a Voyages and travels
|2 SNKPHeng
|9 280379
|
| 650 |
0 |
7 |
|a Research expeditions
|2 SNKPHeng
|9 343147
|
| 650 |
0 |
7 |
|a Countries of the world
|2 SNKPHeng
|9 266537
|
| 651 |
|
7 |
|a Slovensko
|2 SNKPHgeo
|9 14231
|
| 651 |
|
7 |
|a Slovakia
|2 SNKPHeng
|9 92630
|
| 651 |
|
7 |
|a krajiny sveta
|2 SNKPH
|9 253334
|
| 655 |
|
7 |
|a biografie
|2 SNKPH
|9 27965
|
| 655 |
|
7 |
|a cestopisy
|2 SNKPH
|9 70220
|
| 655 |
|
7 |
|a Biography
|2 SNKPHeng
|9 266314
|
| 655 |
|
7 |
|a Books of travels
|2 SNKPHeng
|9 280380
|
| 852 |
|
|
|a Slovenská národná knižnica
|
| 919 |
|
|
|a 978-80-69063-00-6
|
| 954 |
|
|
|a odborná, vedecká literatúra pôvodná (slovenská)
|2 lita
|
| 958 |
|
|
|a NB
|
| 999 |
|
|
|c 596439
|d 598369
|
| 952 |
|
|
|a SNK
|b SNK
|y PREZ
|7 0
|p 17A1553565
|o snkSC 208308
|i snk2024/15930
|8 0
|0 0
|1 0
|4 0
|d 2024-10-16
|l 0
|r 2025-10-31 00:00:00
|w 2026-02-23
|
| 952 |
|
|
|a SNK
|b SNK
|y VYP
|7 0
|p 17A1553567
|o snkSC 208308 D1
|i snk2024/15931
|8 0
|0 0
|1 0
|4 0
|d 2024-10-16
|l 0
|r 2026-02-23 15:39:51
|w 2026-02-23
|